Observing America (Record no. 4012)
[ view plain ]
| 000 -LEADER | |
|---|---|
| fixed length control field | 02281nam a2200385 a 4500 |
| 082 04 - DEWEY DECIMAL CLASSIFICATION NUMBER | |
| Classification number | 973.91 |
| 100 1# - MAIN ENTRY--AUTHOR NAME | |
| Personal name | Frankel, Robert Perry, |
| 245 10 - TITLE STATEMENT | |
| Title | Observing America |
| 260 ## - PUBLICATION, DISTRIBUTION, ETC. (IMPRINT) | |
| Place of publication | Madison, Wis. : |
| Name of publisher | University of Wisconsin Press, |
| Year of publication | c2007. |
| 300 ## - PHYSICAL DESCRIPTION | |
| Number of Pages | xvi, 318 p. |
| 490 1# - SERIES STATEMENT | |
| Series statement | Studies in American thought and culture |
| 505 0# - FORMATTED CONTENTS NOTE | |
| Formatted contents note | The plight of the cities : W.T. Stead and 1890s urban America -- The bonds of blood : W.T. Stead's vision of Anglo-American unity at the turn of the century -- The promise of America : H.G. Wells and the progressive era -- The global stage : H.G. Wells on America's emergence in the First World War -- Main street America : G.K. Chesterton and the culture of the United States in the 1920s -- The new deals : Harold Laski, H.G. Wells, and Roosevelt's America versus Stalin's Russia -- The businessman's America : Harold Laski's view of the United States in the 1940s -- Conclusion : lost republic, lost tradition. |
| 650 #0 - SUBJECT ADDED ENTRY--TOPICAL TERM | |
| Topical Term | National characteristics, American |
| Topical Term | Public opinion |
| Topical Term | Intellectuals |
| Topical Term | Intellectuals |
| 856 40 - ELECTRONIC LOCATION AND ACCESS | |
| Uniform Resource Identifier | http://site.ebrary.com/lib/rucke/Doc?id=10280018 |
No items available.
